000 00396nam a22001697a 4500
003 koha_MIRAKIL
005 20231213065344.0
008 231213b |||||||| |||| 00| 0 ||| d
040 _aTR-IsEVY
_btur
_cTR-IsEVY
082 _a813.42 YAŞ/Ö
100 _aKEMAL, YAŞAR.
245 0 _aÖLMEZ OTU.
260 _bYKY,
_c2009
300 _a351.
650 _aTürk Edebiyatı.
942 _2ddc
_cBK
999 _c2258
_d2258